Luật quản lý sử dụng tài sản nhà nước, luật trưng mua trưng dụng tài sản (có hiệu lực từ ngày 01-01-2009)

Nội dung tài liệu trình bày về Luật quản lý, sử dụng tài sản nhà nước số 09/2008/QH12 ngày 03-06-2008 của Quốc Hội; Luật trưng mua, trưng dụng tài sản số 15/2008/QH12 ngày 03/06/2008 của Quốc Hội.

Gardado en:
Detalles Bibliográficos
Formato: Libro
Idioma:Undetermined
Publicado: Hà Nội Hồng Đức 2008
Những chủ đề:
Các nhãn: Engadir etiqueta
Sen Etiquetas, Sexa o primeiro en etiquetar este rexistro!
Thư viện lưu trữ: Trung tâm Học liệu Trường Đại học Cần Thơ
LEADER 00937nam a2200205Ia 4500
001 CTU_135183
008 210402s9999 xx 000 0 und d
020 |c 18000 
082 |a 343.03 
082 |b L504 
245 0 |a Luật quản lý sử dụng tài sản nhà nước, luật trưng mua trưng dụng tài sản 
245 0 |b (có hiệu lực từ ngày 01-01-2009) 
260 |a Hà Nội 
260 |b Hồng Đức 
260 |c 2008 
520 |a Nội dung tài liệu trình bày về Luật quản lý, sử dụng tài sản nhà nước số 09/2008/QH12 ngày 03-06-2008 của Quốc Hội; Luật trưng mua, trưng dụng tài sản số 15/2008/QH12 ngày 03/06/2008 của Quốc Hội. 
650 |a Finance, public,Law and legislation 
650 |z Vietnam 
904 |i Duy Bằng 
980 |a Trung tâm Học liệu Trường Đại học Cần Thơ